00458nam a2200157 a 4500008004100000020001500041050001800056100001800074245004900092250001200141260003400153300002300187350000900210500005100219650003000270120416s2000 ||||||||||||||||| || u a0201648563 aQA 76.758 Bel aBell, Douglas10aSoftware engineering: a programming approach a3rd ed. aHarlow:bAddison-Wesleyc2000 axvi, 470 p.: ill.  a0.00 aIncludes bibliographical references and index. 7aSOFTWARE ENGINEERING2gnd